000 00253 a2200109 4500
245 _aCommunications
100 _aCongrès François de Médecine
260 _c1953
300 _aVIII-169 p.
999 _c17508
_d17508